000 00621cam a2200169 4500
001 X107033
008 000000n2000 000 0 eng u
035 _a(Sirsi) u107033
245 _aIpswich v Moore
260 _c2000
490 _aNew Property Cases
_v[2000] NPC 72 (22/06/2000)
520 _aChd 22 June 2000. Subsequent statutes override rights granted by Royal Charter in determining the rights to lay and control moorings in the River Orwell. HEADNOTE FROM JOURNAL - NOT TO BE PHOTOCOPIED.
650 _aIPSWICH V MOORE
650 _aMOORING RIGHTS
690 _aPROPERTY AND LAND LAW-CASE LAW
942 _n0
999 _c64001
_d64001